Statistiques concernant Générique Nicky Larson - Paroles

Cliquez ici pour prendre le quiz!

Statistiques générales

  • Ce quiz a été pris 161 fois
  • Le résultat moyen est 16 sur 20

Statistiques - réponses

Paroles% Correct
{Nicky} Larson
100%
Nicky {Larson}
100%
Son crime restera {impuni}
95%
Une ombre file dans {la} {nuit}
95%
Dans la chaleur de {la} {nuit}
93%
La justice s'appelle {Nicky}
91%
Nicky Larson ne craint {personne}
91%
Un coup de {feu} qui retentit
89%
Le mal est toujours {puni}
86%
Nicky Larson ne craint {personne}
84%
C'est un {assassin} qui s'enfuit
77%
Aucun danger ne {l}'{impressionne}
74%
Surtout si la fille est {mignonne}
72%
Un coup de frein, {des} {pneus} qui crient
67%
Et la justice le {passionne}
64%
Et comme un {démon} il sourit
63%
Lorsque les coups de feu {résonnent}
61%
Les coups durs il les {affectionne}
59%
Une voiture qui {surgit}
58%
Comme un éclair il {tourbillone}
52%

Distribution des résultats

Percentile par nombre de réponses

% des personnes avec chaque résultat

Votre développement - résultats

Vous n’avez pas pris ce quiz